00822nam a22002057a 4500003000900000008004100009040007100050082002100121100002700142110007600169245005000245260003200295300002700327505016000354650002500514650001400539650001300553650002800566650002200594AR-CdUCM190223b ||||| |||| 00| 0 spa d aMUNICIPALIDAD PROVINCIAL DEL CUSCOcBIBLIOTECA MUNICIPAL DEL CUSCO a869.6223 /bOL45 aOlemdo, José Joaquin aComisión Nacional del Sesquicenterario de la Independencia del Perú aLa victoria de Junín :bCanto a Bolívar / a[Lima] :bSalesiana,c1974. a58 páginas ;c17 cm. aContenido: Juicios del libertador Bolívar -- Augusto Tamayo Vargas: Olmedo y la oda a la Victoria de Junín -- La victoria de Junín. Canto de Bolivar. aPoesía ecuatoriana aSiglo XIX aPoesía aJosé Joaquín Olmedo aSimón Bolívar